Central Library OPAC University of Rajshahi

A history of Egypt in the Middle Ages / (Record no. 64974)

MARC details
000 -LEADER
fixed length control field 00664nam a2200217 a 4500
001 - CONTROL NUMBER
control field 64974
003 - CONTROL NUMBER IDENTIFIER
rucl marc code BD-RjUL
005 - DATE AND TIME OF LATEST TRANSACTION
control field 20211209081355.0
008 - FIXED-LENGTH DATA ELEMENTS--GENERAL INFORMATION
fixed length control field 170226s1901 enkab 001 0 eng d
035 ## - SYSTEM CONTROL NUMBER
System control number (BD-RjUL)65104
040 ## - CATALOGING SOURCE
Original cataloging agency BD-RjUL
Transcribing agency BD-RjUL
Modifying agency BD-RjUL
Language of cataloging eng
041 ## - LANGUAGE CODE
Language code of text/sound track or separate title eng
082 ## - DEWEY DECIMAL CLASSIFICATION NUMBER
Edition number 23
Classification number 962.02
Author mark and year LAH 1901
100 1# - MAIN ENTRY--PERSONAL NAME
Personal name Lane-Poole, Stanley,
Dates associated with a name 1854-1931.
9 (RLIN) 189032
245 12 - TITLE STATEMENT
Title A history of Egypt in the Middle Ages /
Statement of responsibility, etc. by Stanley Lane-Poole.
260 ## - PUBLICATION, DISTRIBUTION, ETC. (IMPRINT)
Place of publication, distribution, etc. London :
Name of publisher, distributor, etc. Methuen,
Date of publication, distribution, etc. 1901.
300 ## - PHYSICAL DESCRIPTION
Pagination xiv, 382 p. ;
Size 20 cm.
504 ## - BIBLIOGRAPHY, ETC. NOTE
Bibliography, etc Includes index and bibliographical references.
651 #0 - SUBJECT ADDED ENTRY--GEOGRAPHIC NAME
Geographic name Egypt
General subdivision History
Chronological subdivision 640-1882.
9 (RLIN) 182442
942 ## - ADDED ENTRY ELEMENTS (KOHA)
Source of classification or shelving scheme Dewey Decimal Classification
Koha item type Books
Holdings
Lost status Source of classification or shelving scheme Damaged status Not for loan Collection code Permanent Location Current Location Shelving location Date acquired Source of acquisition Cost, normal purchase price Total Checkouts Full call number Date last seen Copy number Koha item type
  Dewey Decimal Classification   Not For Loan Non-fiction Central Library, University of Rajshahi Central Library, University of Rajshahi Reading Room 03/04/1963 Zeitlinger 1.50   962.02 LAH 1901 26/02/2017 C-1 Books